[Event "IV Festival A"]
[Site "Cesenatico ITA"]
[Date "1999.08.??"]
[Round "2"]
[White "Tommasini, Enzo"]
[Black "Bonacci, Mauro"]
[Result "0-1"]
[WhiteElo "2095"]
[BlackElo "2178"]
[PlyCount "54"]
[EventDate "1999.08.30"]

1. d4 Nf6 2. c4 g6 3. Nc3 Bg7 4. e4 O-O 5. f3 d6 6. Bg5 Nc6 7. Nge2 h6 8. Be3
e5 9. d5 Ne7 10. Qd2 Kh7 11. g4 Nfg8 12. Ng3 a6 13. Bd3 c5 14. a4 b6 15. Nce2
Rb8 16. b4 f5 17. gxf5 gxf5 18. Nh5 f4 19. Bf2 Bh8 20. Rg1 Qe8 21. Rb1 Bd7 22.
bxc5 bxc5 23. Rxb8 Qxb8 24. Nexf4 exf4 25. e5+ Bf5 26. Bh4 Bxe5 27. Qc2 Qb2 0-1

[Event "IV Festival A"]
[Site "Cesenatico ITA"]
[Date "1999.08.??"]
[Round "2"]
[White "Zucconi, Leandro"]
[Black "Zama, Domenico"]
[Result "1/2-1/2"]
[WhiteElo "2180"]
[BlackElo "1920"]
[PlyCount "55"]
[EventDate "1999.08.30"]

1. d4 f5 2. Nf3 g6 3. g3 Bg7 4. Bg2 Nf6 5. O-O O-O 6. c4 d6 7. Nc3 Nc6 8. d5
Ne5 9. Nxe5 dxe5 10. Qc2 e4 11. Rd1 a6 12. a4 Qe8 13. b3 e6 14. Bb2 exd5 15.
Nxd5 Qf7 16. Rac1 Be6 17. Nf4 Rfd8 18. e3 g5 19. Nxe6 Qxe6 20. Rd2 Rd7 21. Rxd7
Nxd7 22. Bxg7 Kxg7 23. Rd1 Ne5 24. Kh1 Nd3 25. Bf1 Rd8 26. Kg1 Qd6 27. Qc3+ Kg6
28. Bg2 1/2-1/2

[Event "IV Festival A"]
[Site "Cesenatico ITA"]
[Date "1999.08.??"]
[Round "3"]
[White "Albert, Marion"]
[Black "Malesevic, Vitomir"]
[Result "0-1"]
[WhiteElo "2103"]
[BlackElo "2263"]
[PlyCount "82"]
[EventDate "1999.08.30"]

1. e4 d5 2. exd5 Qxd5 3. Nc3 Qa5 4. b4 Qxb4 5. Rb1 Qd6 6. Bc4 c6 7. Nf3 Nd7 8.
Ne4 Qc7 9. d4 Nb6 10. Bd3 Bg4 11. O-O Nf6 12. Re1 e6 13. Bg5 Nxe4 14. Bxe4 Bd6
15. h3 Bh5 16. d5 cxd5 17. Bxd5 O-O 18. Bxb7 Qxb7 19. Qxd6 Bxf3 20. gxf3 Qxf3
21. Rb3 Qf5 22. Rg3 Kh8 23. Be7 Rfe8 24. Rg5 Qxh3 25. Re3 Qh6 26. Reg3 Nc8 27.
Qd4 Nxe7 28. Rxg7 f6 29. Rxh7+ Kxh7 30. Qd3+ Nf5 31. Rh3 Rg8+ 32. Kf1 Rad8 33.
Rxh6+ Kxh6 34. Qa6 Rd6 35. Qxa7 Rd1+ 36. Ke2 Rgd8 37. Qf7 Kg5 38. Kf3 Nh4+ 39.
Kg3 Rg1+ 40. Kh3 Ng6 41. Kh2 Rg4 0-1

[Event "IV Festival A"]
[Site "Cesenatico ITA"]
[Date "1999.08.??"]
[Round "3"]
[White "Bellincampi, Stefano"]
[Black "Zucconi, Leandro"]
[Result "1/2-1/2"]
[WhiteElo "2043"]
[BlackElo "2180"]
[PlyCount "27"]
[EventDate "1999.08.30"]

1. e4 e6 2. d4 d5 3. Nd2 dxe4 4. Nxe4 Nd7 5. Nf3 Ngf6 6. Nxf6+ Nxf6 7. Bd3 Be7
8. O-O O-O 9. Bg5 b6 10. Qe2 Bb7 11. Rad1 Bxf3 12. Qxf3 Qd5 13. Qxd5 Nxd5 14.
Bd2 1/2-1/2

[Event "IV Festival A"]
[Site "Cesenatico ITA"]
[Date "1999.08.??"]
[Round "3"]
[White "Brancaleoni, Maurizio"]
[Black "Cadelli, Luciano"]
[Result "1-0"]
[WhiteElo "2197"]
[BlackElo "2116"]
[PlyCount "53"]
[EventDate "1999.08.30"]

1. e4 e5 2. Nf3 Nc6 3. Bb5 a6 4. Ba4 Nf6 5. d3 d6 6. c3 Be7 7. Nbd2 O-O 8. Nf1
b5 9. Bc2 Re8 10. Ng3 Bf8 11. O-O g6 12. d4 Bg7 13. d5 Nb8 14. a4 Bb7 15. b3
bxa4 16. b4 a5 17. Bxa4 axb4 18. cxb4 Nbd7 19. Re1 Rf8 20. Bg5 h6 21. Bd2 Nb6
22. Bb5 Rxa1 23. Qxa1 Qa8 24. Qc1 Rc8 25. Bxh6 Nbxd5 26. exd5 Bxd5 27. Nh4 1-0

[Event "IV Festival A"]
[Site "Cesenatico ITA"]
[Date "1999.08.??"]
[Round "3"]
[White "Braun, Christian"]
[Black "Rossi, Giampiero"]
[Result "1-0"]
[WhiteElo "2167"]
[BlackElo "2020"]
[PlyCount "63"]
[EventDate "1999.08.30"]

1. d4 d5 2. c4 e6 3. Nc3 Nf6 4. Nf3 Nbd7 5. Bf4 c6 6. e3 Be7 7. h3 O-O 8. Bd3
dxc4 9. Bxc4 b5 10. Bd3 Bb7 11. O-O a6 12. Ne4 Nxe4 13. Bxe4 Nf6 14. Nd2 Nxe4
15. Nxe4 Qd5 16. Nc5 Bxc5 17. dxc5 Rfe8 18. Bd6 e5 19. Qc2 Qe6 20. e4 a5 21.
Rfd1 Rac8 22. a3 a4 23. Qc3 f6 24. Rd2 Qc4 25. Qf3 b4 26. axb4 Qxb4 27. Qd1 Ra8
28. Qc2 a3 29. bxa3 Rxa3 30. Rxa3 Qxa3 31. Qc4+ Kh8 32. Ra2 1-0

[Event "IV Festival A"]
[Site "Cesenatico ITA"]
[Date "1999.08.??"]
[Round "3"]
[White "Cacco, Christian"]
[Black "Franza, Marco"]
[Result "1-0"]
[WhiteElo "2292"]
[BlackElo "2009"]
[PlyCount "43"]
[EventDate "1999.08.30"]

1. d4 c5 2. c3 Nf6 3. Nf3 e6 4. g3 b6 5. Bg2 Bb7 6. Bg5 Be7 7. Nbd2 cxd4 8.
cxd4 Ne4 9. Bxe7 Qxe7 10. O-O Nxd2 11. Qxd2 O-O 12. Rac1 Na6 13. a3 Rfc8 14.
Qd3 d5 15. Ne5 f6 16. Ng4 Nc7 17. f4 Ba6 18. Rxc7 Bxd3 19. Rxe7 Bxe2 20. Ne3
Bxf1 21. Bxf1 Re8 22. Rxe6 1-0

[Event "IV Festival A"]
[Site "Cesenatico ITA"]
[Date "1999.08.??"]
[Round "3"]
[White "Di Lazzaro, Gabriele"]
[Black "Marzano, Carlo"]
[Result "0-1"]
[WhiteElo "2015"]
[BlackElo "2233"]
[PlyCount "78"]
[EventDate "1999.08.30"]

1. e4 Nc6 2. d4 e5 3. dxe5 Nxe5 4. f4 Ng6 5. Be3 Bb4+ 6. c3 Ba5 7. Bc4 Bb6 8.
Qe2 Bxe3 9. Qxe3 Qe7 10. Nd2 Nf6 11. h3 d5 12. f5 Bxf5 13. g4 Bxe4 14. Nxe4
Qxe4 15. Qxe4+ dxe4 16. Ne2 Ne5 17. Bb5+ c6 18. Ba4 Nd3+ 19. Kf1 Nxb2 20. Bc2
Nc4 21. Kf2 O-O-O 22. g5 e3+ 23. Kf3 Nd5 24. Bf5+ Kc7 25. a4 a5 26. h4 Ne7 27.
Bc2 Nd5 28. h5 h6 29. g6 fxg6 30. hxg6 Rd6 31. Rh4 Ne5+ 32. Kg3 Nxg6 33. Rg4
Nde7 34. Nd4 h5 35. Re4 h4+ 36. Kh3 Nd5 37. Rf1 Rf6 38. Rxf6 Nxf6 39. Rxe3 Nf4+
0-1

[Event "IV Festival A"]
[Site "Cesenatico ITA"]
[Date "1999.08.??"]
[Round "3"]
[White "Fuellgrabe, Thomas"]
[Black "Nijboer, Friso"]
[Result "1/2-1/2"]
[WhiteElo "2197"]
[BlackElo "2559"]
[PlyCount "106"]
[EventDate "1999.08.30"]

1. e4 c5 2. Nf3 e6 3. d4 cxd4 4. Nxd4 a6 5. Bd3 g6 6. O-O Bg7 7. Be3 d5 8. exd5
Qxd5 9. Nc3 Qd8 10. Qd2 Nf6 11. h3 O-O 12. Rad1 Nbd7 13. Rfe1 Qc7 14. Bh6 e5
15. Nf5 gxf5 16. Qg5 Ne8 17. Nd5 Qd6 18. Bxg7 Nxg7 19. Ne7+ Kh8 20. Qxg7+ Kxg7
21. Nxf5+ Kf6 22. Nxd6 Nc5 23. Bxh7 Be6 24. Ne4+ Nxe4 25. Bxe4 Rac8 26. b3 Rc7
27. Rd6 Rb8 28. Red1 Ke7 29. g4 b6 30. f3 a5 31. Kf2 b5 32. h4 a4 33. h5 Rf8
34. Rc6 Rxc6 35. Bxc6 f5 36. gxf5 Bxf5 37. bxa4 bxa4 38. Ke3 Bxc2 39. Rd2 Bf5
40. Bxa4 Rc8 41. Bb3 Rc3+ 42. Kf2 Kf6 43. Rd6+ Kg5 44. Bd1 Kf4 45. h6 Rc1 46.
a4 Ra1 47. Rd2 Ra3 48. Rb2 Rd3 49. Be2 Ra3 50. Rb4+ Kg5 51. Bb5 Kxh6 52. Bc6
Kg5 53. Ke2 Ra2+ 1/2-1/2

[Event "IV Festival A"]
[Site "Cesenatico ITA"]
[Date "1999.08.??"]
[Round "3"]
[White "Gaiba, Paolo"]
[Black "Ciolac, Gheorghe"]
[Result "1/2-1/2"]
[WhiteElo "2149"]
[BlackElo "2364"]
[PlyCount "76"]
[EventDate "1999.08.30"]

1. e4 d5 2. Nc3 d4 3. Nce2 e5 4. Ng3 Be6 5. Nf3 f6 6. Bd3 Ne7 7. h3 Nbc6 8. a3
Qd7 9. Qe2 g6 10. Bc4 Bg7 11. Bxe6 Qxe6 12. d3 O-O-O 13. O-O h5 14. Nh4 Rdg8
15. b4 Nd8 16. b5 Qd7 17. a4 Ne6 18. Ba3 Nf4 19. Qf3 Bf8 20. Ne2 g5 21. Nxf4
exf4 22. Bxe7 Bxe7 23. Nf5 Bb4 24. a5 Bc3 25. Ra2 Re8 26. Rb1 Re5 27. b6 a6 28.
bxc7 Kxc7 29. Rb6 Re6 30. Rb1 Kb8 31. Ra3 Re5 32. Rb6 Bxa5 33. Rd6 Qc7 34. Rxd4
Qxc2 35. Rc4 Qb1+ 36. Kh2 Bb4 37. d4 Rb5 38. Rd3 Qa2 1/2-1/2

[Event "IV Festival A"]
[Site "Cesenatico ITA"]
[Date "1999.08.??"]
[Round "3"]
[White "Gori, Andrea"]
[Black "Reichenbacher, Gerhard"]
[Result "1-0"]
[WhiteElo "2186"]
[BlackElo "2057"]
[PlyCount "67"]
[EventDate "1999.08.30"]

1. e4 c5 2. Nf3 Nc6 3. c4 Nd4 4. Nc3 d6 5. Nxd4 cxd4 6. Ne2 Nf6 7. d3 Qb6 8.
Qc2 e6 9. g3 d5 10. Bg2 Bb4+ 11. Bd2 O-O 12. O-O dxe4 13. Bxb4 Qxb4 14. dxe4 e5
15. a3 Qe7 16. Nc1 Be6 17. Nd3 Nd7 18. c5 Rac8 19. b4 f6 20. Rfc1 Nb6 21. Qd1
Nc4 22. Bf1 Qf7 23. h3 Qd7 24. Kh2 f5 25. Rxc4 fxe4 26. Nxe5 Rxf2+ 27. Bg2
Rxg2+ 28. Kxg2 Bxh3+ 29. Kh2 Qc7 30. Kxh3 Qxe5 31. Rxd4 Rf8 32. Qb3+ Kh8 33.
Qd5 Qf6 34. Qxe4 1-0

[Event "IV Festival A"]
[Site "Cesenatico ITA"]
[Date "1999.08.??"]
[Round "3"]
[White "Grigore, George-Gabriel"]
[Black "Visser, Yge"]
[Result "1-0"]
[WhiteElo "2526"]
[BlackElo "2378"]
[PlyCount "63"]
[EventDate "1999.08.30"]

1. d4 Nf6 2. c4 g6 3. Nc3 Bg7 4. e4 d6 5. Be2 O-O 6. Nf3 Na6 7. O-O e5 8. Re1
c6 9. Bf1 Bg4 10. d5 Ne8 11. Rb1 c5 12. g3 Qc8 13. Bg2 Bf6 14. Bh6 Ng7 15. Qd2
Bd8 16. Rf1 Bh3 17. Ne1 Bxg2 18. Kxg2 Re8 19. a3 f5 20. Nd3 fxe4 21. Nxe4 Nf5
22. Rbe1 Qd7 23. Bg5 Rf8 24. f4 exf4 25. Nxf4 Nc7 26. Ne6 Nxe6 27. dxe6 Qc6 28.
Kg1 Bxg5 29. Qxg5 Kg7 30. e7 Rf7 31. g4 Rxe7 32. Ng3 1-0

[Event "IV Festival A"]
[Site "Cesenatico ITA"]
[Date "1999.08.??"]
[Round "3"]
[White "Kamp, Christoph"]
[Black "Lazzarato, Alberto"]
[Result "1-0"]
[WhiteElo "2333"]
[BlackElo "2177"]
[PlyCount "108"]
[EventDate "1999.08.30"]

1. c4 c5 2. Nf3 Nf6 3. Nc3 Nc6 4. d4 cxd4 5. Nxd4 d6 6. e4 g6 7. Be2 Bg7 8. Be3
Bd7 9. O-O O-O 10. Rc1 Rc8 11. b3 a6 12. Qd2 Ng4 13. Bxg4 Bxg4 14. h3 Bd7 15.
Rfd1 Re8 16. Nd5 Rb8 17. a4 Nxd4 18. Bxd4 Bxd4 19. Qxd4 Bc6 20. Ne3 h5 21. Rc3
Qa5 22. Nd5 Rbc8 23. g4 Bxd5 24. exd5 e5 25. Qe3 hxg4 26. hxg4 Kg7 27. Kg2 Qd8
28. Rh1 Rh8 29. Rcc1 Qf6 30. f3 Rce8 31. Rxh8 Rxh8 32. Rh1 Rxh1 33. Kxh1 e4 34.
Qxe4 Qa1+ 35. Kg2 Qb2+ 36. Kg3 Qxb3 37. Qd4+ Kf8 38. c5 Qa3 39. c6 bxc6 40.
dxc6 Ke7 41. Qa7+ Kf6 42. g5+ Kxg5 43. Qxf7 Qc1 44. Qe7+ Kh6 45. Qf8+ Kh7 46.
Qe7+ Kh6 47. Qh4+ Kg7 48. Qd4+ Kg8 49. Qxd6 Qg1+ 50. Kh4 Qh1+ 51. Kg5 Qh5+ 52.
Kf6 Qxf3+ 53. Ke7 Qf8+ 54. Kd7 Qf5+ 1-0

[Event "IV Festival A"]
[Site "Cesenatico ITA"]
[Date "1999.08.??"]
[Round "3"]
[White "Naumkin, Igor"]
[Black "Iotti, Pierluigi"]
[Result "1-0"]
[WhiteElo "2489"]
[BlackElo "2326"]
[PlyCount "83"]
[EventDate "1999.08.30"]

1. d4 Nf6 2. Nf3 b6 3. c4 e6 4. g3 Bb7 5. Bg2 Be7 6. Nc3 Ne4 7. Bd2 O-O 8. d5
Nxc3 9. Bxc3 Bf6 10. Rc1 d6 11. O-O Nd7 12. Nd2 Bxc3 13. Rxc3 e5 14. f4 a5 15.
f5 f6 16. h4 Kf7 17. b3 Ra7 18. a3 Qa8 19. g4 h6 20. Rg3 Rh8 21. Ne4 Nc5 22.
Nc3 Qd8 23. Rf2 Ra8 24. Be4 Qe7 25. Rfg2 Rag8 26. Bc2 Na6 27. Qd2 Qf8 28. Ne4
Nc5 29. Nf2 Qa8 30. g5 hxg5 31. hxg5 Qf8 32. b4 axb4 33. axb4 Nd7 34. Ba4 Bc8
35. Qc1 Qe7 36. e4 Qf8 37. Ng4 Ke7 38. c5 bxc5 39. Bxd7 Bxd7 40. bxc5 Qb8 41.
gxf6+ gxf6 42. Nxf6 1-0

[Event "IV Festival A"]
[Site "Cesenatico ITA"]
[Date "1999.08.??"]
[Round "3"]
[White "Perich, Stefano"]
[Black "Gaido, Paolo"]
[Result "1-0"]
[WhiteElo "2059"]
[BlackElo "2154"]
[PlyCount "67"]
[EventDate "1999.08.30"]

1. d4 Nf6 2. Nf3 g6 3. c4 Bg7 4. Nc3 O-O 5. e4 d6 6. h3 e5 7. d5 a5 8. Bg5 h6
9. Be3 Na6 10. a3 Bd7 11. b3 Ne8 12. Rb1 f5 13. b4 axb4 14. axb4 Nf6 15. Bd3
fxe4 16. Nxe4 Bf5 17. Nfd2 b6 18. Nxf6+ Qxf6 19. Ne4 Qe7 20. g4 Bd7 21. Qe2 Nb8
22. c5 bxc5 23. bxc5 Bc8 24. O-O Ba6 25. Rxb8 Raxb8 26. Bxa6 Qh4 27. Kg2 Rb4
28. cxd6 cxd6 29. Bd3 Rfb8 30. Rc1 Rb2 31. Qf3 Rf8 32. Qd1 h5 33. Rc2 Rxc2 34.
Bxc2 1-0

[Event "IV Festival A"]
[Site "Cesenatico ITA"]
[Date "1999.08.??"]
[Round "3"]
[White "Prelati, Maurizio"]
[Black "Drazic, Sinisa"]
[Result "1-0"]
[WhiteElo "2129"]
[BlackElo "2493"]
[PlyCount "114"]
[EventDate "1999.08.30"]

1. e4 g6 2. d4 Bg7 3. Nc3 d6 4. Be3 a6 5. g3 b5 6. Bg2 Bb7 7. Nge2 Nf6 8. f3
Nbd7 9. Qd2 O-O 10. O-O c5 11. Rae1 Rc8 12. Nd1 cxd4 13. Bxd4 e5 14. Bf2 d5 15.
exd5 Bxd5 16. Nec3 Bc4 17. Ne2 Bd5 18. Nec3 Bb7 19. Ne4 Nxe4 20. fxe4 Qc7 21.
c3 Rcd8 22. Qe2 Nc5 23. Bxc5 Qxc5+ 24. Kh1 Bh6 25. Qf2 Qxf2 26. Rxf2 Rd6 27.
Bf3 Rfd8 28. Ne3 Rd2 29. Kg2 R8d3 30. Nf1 Rxf2+ 31. Kxf2 Kg7 32. Ne3 Bg5 33.
Ng4 f6 34. h4 Bd2 35. Rd1 h5 36. Ke2 Bxe4 37. Bxe4 Rxg3 38. Nxf6 Bf4 39. Rd6 a5
40. Bxg6 Kxg6 41. Ne4+ Kf5 42. Nxg3+ Bxg3 43. Rd5 Bxh4 44. Kf3 b4 45. Rxa5 bxc3
46. bxc3 Be1 47. Rc5 h4 48. a4 h3 49. a5 h2 50. Kg2 Bf2 51. Rc7 Ke6 52. Kxh2 e4
53. Kg2 Bh4 54. a6 e3 55. Kf3 Bd8 56. a7 Bxc7 57. a8=Q Bf4 1-0

[Event "IV Festival A"]
[Site "Cesenatico ITA"]
[Date "1999.08.??"]
[Round "3"]
[White "Vancini, Edoardo"]
[Black "Danielsen, Heini"]
[Result "1-0"]
[WhiteElo "2255"]
[BlackElo "2135"]
[PlyCount "113"]
[EventDate "1999.08.30"]

1. e4 c5 2. c3 d5 3. exd5 Qxd5 4. d4 Nf6 5. Nf3 Bg4 6. Be2 e6 7. h3 Bh5 8. O-O
Be7 9. Be3 cxd4 10. cxd4 Nc6 11. Nc3 Qd8 12. Ne5 Bxe2 13. Qxe2 O-O 14. Nxc6
bxc6 15. Rfc1 Qa5 16. Qc4 Rab8 17. Rc2 Nd5 18. a3 Nxc3 19. Qxc3 Qxc3 20. Rxc3
Rxb2 21. Rxc6 Rfb8 22. Bf4 Rb1+ 23. Rxb1 Rxb1+ 24. Kh2 h6 25. Rc8+ Kh7 26. Rc7
Bf6 27. Be5 Bxe5+ 28. dxe5 a5 29. Rxf7 Rb5 30. f4 Kg6 31. Re7 Kf5 32. Rxg7 Kxf4
33. Rg6 Rxe5 34. Rxh6 Kg5 35. Rh8 Re3 36. Rg8+ Kf5 37. Rg3 Re4 38. Rf3+ Kg5 39.
Kg3 e5 40. Kf2 Ra4 41. g3 e4 42. Rc3 Kf5 43. Ke3 Kg5 44. Kd2 Rd4+ 45. Ke2 Ra4
46. Kf2 Kf5 47. Kg2 Ke5 48. h4 Kd4 49. Rb3 Kc4 50. Re3 Kd4 51. Kf2 Rc4 52. h5
Rc5 53. g4 Rg5 54. Rg3 e3+ 55. Kf3 Re5 56. Ke2 Rb5 57. Rxe3 1-0

[Event "IV Festival A"]
[Site "Cesenatico ITA"]
[Date "1999.08.??"]
[Round "3"]
[White "Zama, Domenico"]
[Black "Niermann, Rainer"]
[Result "0-1"]
[WhiteElo "1920"]
[BlackElo "2147"]
[PlyCount "96"]
[EventDate "1999.08.30"]

1. c4 e5 2. Nc3 d6 3. e3 f5 4. d4 e4 5. g4 Nc6 6. Bh3 fxg4 7. Bxg4 Qh4 8. Bxc8
Rxc8 9. Nge2 Nf6 10. Ng3 Be7 11. Bd2 O-O 12. Qe2 Nb4 13. O-O-O Nd3+ 14. Kb1 Ng4
15. f4 Ndf2 16. Ngxe4 Nxd1 17. Nxd1 Kh8 18. Rg1 Nf6 19. Ng5 d5 20. Ne6 Rg8 21.
cxd5 Nxd5 22. Qg2 c6 23. Nf2 Bf6 24. Ne4 Rce8 25. Nd6 Re7 26. Nf5 Qh5 27. Nxe7
Nxe7 28. Ng5 h6 29. Nf3 Qf5+ 30. Ka1 Nd5 31. Ne5 Bxe5 32. fxe5 Qd3 33. Re1 a5
34. Qe2 Qe4 35. Bxa5 Ra8 36. Qd2 b6 37. Bc3 b5 38. b3 Rb8 39. Bb4 Ra8 40. Kb2
Nxb4 41. Qxb4 Qg2+ 42. Kc3 Qf2 43. Ra1 Qxe3+ 44. Kb2 Qf2+ 45. Kc3 Rf8 46. Qd6
Rf3+ 47. Kb4 Qd2+ 48. Ka3 Qa5+ 0-1

[Event "IV Festival A"]
[Site "Cesenatico ITA"]
[Date "1999.08.??"]
[Round "4"]
[White "Cacco, Christian"]
[Black "Kamp, Christoph"]
[Result "0-1"]
[WhiteElo "2292"]
[BlackElo "2333"]
[PlyCount "50"]
[EventDate "1999.08.30"]

1. d4 e6 2. Nf3 d5 3. c4 c6 4. Nc3 dxc4 5. e3 b5 6. a4 Bb4 7. Bd2 a5 8. axb5
Bxc3 9. Bxc3 cxb5 10. b3 Bb7 11. d5 Nf6 12. dxe6 Qxd1+ 13. Rxd1 fxe6 14. Bxf6
gxf6 15. Nd4 Ke7 16. Ra1 Nc6 17. Nxb5 cxb3 18. Ra4 Nb4 19. Kd2 Bc6 20. Ra3 a4
21. Nd4 Bd7 22. Kc3 Nd5+ 23. Kb2 e5 24. Nb5 Ra5 25. e4 Nb4 0-1

[Event "IV Festival A"]
[Site "Cesenatico ITA"]
[Date "1999.08.??"]
[Round "4"]
[White "Ciolac, Gheorghe"]
[Black "Fuellgrabe, Thomas"]
[Result "1-0"]
[WhiteElo "2364"]
[BlackElo "2197"]
[PlyCount "89"]
[EventDate "1999.08.30"]

1. e4 c5 2. Ne2 Nf6 3. Nbc3 Nc6 4. d4 cxd4 5. Nxd4 e5 6. Ndb5 d6 7. Bg5 a6 8.
Na3 b5 9. Nd5 Be7 10. Bxf6 Bxf6 11. c4 b4 12. Nc2 Rb8 13. Be2 Bg5 14. O-O O-O
15. b3 Be6 16. Qd3 Rb7 17. a3 bxa3 18. b4 Qb8 19. b5 axb5 20. cxb5 Bxd5 21.
Qxd5 Nd8 22. Rfd1 Rb6 23. Nb4 Ne6 24. Nc6 Qb7 25. Qxd6 Nd4 26. Rxd4 exd4 27.
Rxa3 g6 28. Qd5 h6 29. g3 Qc8 30. h4 Bf6 31. Bc4 Rb7 32. e5 Bd8 33. Qxd4 Bb6
34. Qe4 Kg7 35. Kg2 Rd7 36. Bd5 h5 37. Rf3 Qe8 38. Qc4 Rc7 39. Qe4 Rd7 40. Ra3
Qc8 41. Ra2 Rc7 42. f4 Qg4 43. Qf3 Qxf3+ 44. Kxf3 Rb7 45. Rb2 1-0

[Event "IV Festival A"]
[Site "Cesenatico ITA"]
[Date "1999.08.??"]
[Round "4"]
[White "Costantini, Roberto"]
[Black "Braun, Christian"]
[Result "0-1"]
[WhiteElo "2196"]
[BlackElo "2167"]
[PlyCount "46"]
[EventDate "1999.08.30"]

1. e4 c5 2. Nf3 e6 3. d4 cxd4 4. Nxd4 a6 5. Bd3 Bc5 6. Nb3 Ba7 7. Nc3 Nc6 8.
O-O Nf6 9. a4 O-O 10. Kh1 d6 11. f4 h6 12. Bd2 e5 13. Qe1 exf4 14. Bxf4 Ne5 15.
Rd1 Qe7 16. Be2 Re8 17. Qg3 Kh8 18. Nd4 Bd7 19. Rfe1 Rac8 20. Nf5 Bxf5 21. exf5
Rxc3 22. Qxc3 Ne4 23. Bxe5 Nf2+ 0-1

[Event "IV Festival A"]
[Site "Cesenatico ITA"]
[Date "1999.08.??"]
[Round "4"]
[White "Danielsen, Heini"]
[Black "Zama, Domenico"]
[Result "0-1"]
[WhiteElo "2135"]
[BlackElo "1920"]
[PlyCount "91"]
[EventDate "1999.08.30"]

1. e4 e5 2. Nf3 Nc6 3. Bb5 Nf6 4. O-O Be7 5. Re1 d6 6. d4 exd4 7. Nxd4 Bd7 8.
Nf5 O-O 9. Nc3 Bxf5 10. exf5 Re8 11. Bg5 h6 12. Bh4 Nd7 13. Bxe7 Rxe7 14. Nd5
Rxe1+ 15. Qxe1 Kf8 16. Qc3 Nde5 17. f4 Ng4 18. Bxc6 Qh4 19. h3 Qf2+ 20. Kh1
bxc6 21. Nxc7 Ne3 22. Qxc6 Rc8 23. Qxd6+ Kg8 24. Rg1 Nxf5 25. Qd7 Ng3+ 26. Kh2
Rf8 27. Nd5 Nf1+ 28. Rxf1 Qxf1 29. b3 Qf2 30. c4 a5 31. Ne7+ Kh8 32. Qf5 Qb6
33. c5 Qd8 34. Nc6 Qc7 35. Ne5 Kg8 36. c6 Re8 37. Qd7 Re7 38. Qd5 g5 39. g3 Kg7
40. h4 f6 41. Nd3 gxh4 42. gxh4 Qc8 43. Nc5 Qg4 44. Qd7 Qe2+ 45. Kh1 Qf1+ 46.
Kh2 0-1

[Event "IV Festival A"]
[Site "Cesenatico ITA"]
[Date "1999.08.??"]
[Round "4"]
[White "Drazic, Sinisa"]
[Black "Gori, Andrea"]
[Result "1-0"]
[WhiteElo "2493"]
[BlackElo "2186"]
[PlyCount "147"]
[EventDate "1999.08.30"]

1. c4 d6 2. d4 e5 3. Nf3 Nc6 4. d5 Nce7 5. Nc3 g6 6. e4 Bg7 7. Be2 Nf6 8. O-O
O-O 9. Ne1 Ne8 10. g4 f5 11. f3 f4 12. h4 a5 13. Nd3 c5 14. Bd2 Bd7 15. b3 Nc8
16. Be1 Nb6 17. Kg2 Bf6 18. Rh1 Rf7 19. Bf2 Qc7 20. Ne1 Be7 21. Rb1 Nc8 22. Nc2
Qd8 23. a3 b6 24. b4 axb4 25. axb4 h6 26. Rb3 Rh7 27. Kf1 Ba4 28. Nxa4 Rxa4 29.
Ra3 Qd7 30. Qa1 Rxa3 31. Qxa3 Bd8 32. Kg2 Qa7 33. Qb3 Rb7 34. Rb1 Rd7 35. Ra1
Qc7 36. Na3 Be7 37. Nb5 Qd8 38. Kh3 Nc7 39. Nc3 Kf7 40. Qb1 g5 41. h5 Kf6 42.
Bd1 Bf8 43. Ba4 Rh7 44. Bc6 Rf7 45. Qb2 Qe7 46. Kg2 Qd8 47. Kf1 Kg7 48. Qb3 Kf6
49. Ra2 Kg7 50. Ke1 Be7 51. Ke2 Bf6 52. Be1 Be7 53. Ra1 Bf6 54. Ra3 Kh7 55.
bxc5 bxc5 56. Qb8 Kg7 57. Kd3 Kh7 58. Na2 Kg7 59. Bd2 Kh7 60. Ke2 Kg7 61. Nc1
Kh7 62. Nd3 Kg7 63. Bc3 Kh7 64. Ra1 Kg7 65. Ra2 Kh7 66. Kd1 Kg7 67. Kd2 Kh7 68.
Qb7 Kg7 69. Ba5 Kf8 70. Nc1 Kg7 71. Ne2 Kh7 72. Nc3 Kg7 73. Nb5 Kf8 74. Rb2 1-0

[Event "IV Festival A"]
[Site "Cesenatico ITA"]
[Date "1999.08.??"]
[Round "4"]
[White "Franza, Marco"]
[Black "Albert, Marion"]
[Result "1-0"]
[WhiteElo "2009"]
[BlackElo "2103"]
[PlyCount "87"]
[EventDate "1999.08.30"]

1. Nf3 d5 2. g3 Bf5 3. c4 e6 4. Bg2 c6 5. b3 Nf6 6. Bb2 Be7 7. O-O O-O 8. d3 c5
9. Nh4 Bg4 10. h3 Bh5 11. g4 Ne8 12. gxh5 Bxh4 13. cxd5 exd5 14. e4 d4 15. f4
Nc6 16. Nd2 Nf6 17. a3 Rc8 18. Rc1 b6 19. Qf3 g6 20. h6 Nh5 21. b4 Nxf4 22.
bxc5 Ne6 23. cxb6 Ne5 24. Qe2 Qxb6 25. Nf3 Nxf3+ 26. Qxf3 Rb8 27. Rc2 Qd6 28.
Bc1 Qg3 29. Bd2 Qxf3 30. Bxf3 Be7 31. a4 Rb3 32. Be2 Nc5 33. a5 Nxe4 34. Bf4
Nc5 35. Be5 Ne6 36. Bg4 Rxd3 37. Rc6 Nd8 38. Rc7 Bg5 39. Bg7 Re8 40. Rxa7 f5
41. Bf3 Rde3 42. Bd5+ Ne6 43. Bxd4 Rxh3 44. Re1 1-0

[Event "IV Festival A"]
[Site "Cesenatico ITA"]
[Date "1999.08.??"]
[Round "4"]
[White "Iotti, Pierluigi"]
[Black "Bonacci, Mauro"]
[Result "1-0"]
[WhiteElo "2326"]
[BlackElo "2178"]
[PlyCount "113"]
[EventDate "1999.08.30"]

1. d4 Nf6 2. c4 g6 3. Nc3 Bg7 4. e4 d6 5. Be2 O-O 6. Nf3 c6 7. O-O Bg4 8. Be3
Nbd7 9. h3 Bxf3 10. Bxf3 e5 11. d5 c5 12. a3 Ne8 13. b4 f5 14. bxc5 dxc5 15.
Qd3 Nd6 16. Rfb1 a6 17. a4 Qc7 18. a5 Rae8 19. Bd2 Nf6 20. Ra3 h6 21. Qe2 Re7
22. Re1 Ref7 23. exf5 gxf5 24. Qxe5 Nfe4 25. Qf4 Nxd2 26. Qxd2 Nxc4 27. Qa2
Nxa3 28. Qxa3 Re7 29. Re6 Rxe6 30. dxe6 Qe5 31. Ne2 Qxe6 32. Qxc5 Kh8 33. g3
Rc8 34. Qb4 Rc2 35. Nf4 Qe8 36. Kg2 Rb2 37. Qc5 Rb5 38. Qc7 Be5 39. Qc1 Bxf4
40. Qxf4 Qf8 41. Qd4+ Qg7 42. Qd8+ Kh7 43. Bd5 Rc5 44. Bg8+ Kh8 45. Bf7+ Kh7
46. Bg6+ Kxg6 47. Qd6+ Qf6 48. Qxc5 Qc6+ 49. Qxc6+ bxc6 50. Kf3 Kf6 51. Ke3 Ke5
52. f4+ Kd5 53. g4 fxg4 54. hxg4 c5 55. Kd3 c4+ 56. Kc3 Ke4 57. g5 1-0

[Event "IV Festival A"]
[Site "Cesenatico ITA"]
[Date "1999.08.??"]
[Round "4"]
[White "Lazzarato, Alberto"]
[Black "Brancaleoni, Maurizio"]
[Result "0-1"]
[WhiteElo "2177"]
[BlackElo "2197"]
[PlyCount "79"]
[EventDate "1999.08.30"]

1. e4 c5 2. Nf3 Nc6 3. d4 cxd4 4. Nxd4 Qb6 5. Nb3 Nf6 6. Nc3 e6 7. a3 Be7 8. g3
O-O 9. Bg2 d6 10. O-O Qc7 11. f4 a6 12. Kh1 b5 13. g4 Nd7 14. g5 Re8 15. Nd4
Nxd4 16. Qxd4 Rb8 17. b3 Bb7 18. Bb2 Bf8 19. Rae1 Rbc8 20. Re2 Qc5 21. Qd3 f5
22. gxf6 Nxf6 23. e5 Bxg2+ 24. Kxg2 dxe5 25. fxe5 Qc6+ 26. Kh3 Red8 27. Qg3 Qe8
28. exf6 Qh5+ 29. Kg2 Rxc3 30. f7+ Kh8 31. Bxc3 Qxe2+ 32. Rf2 Qe4+ 33. Kh3 h6
34. Rf4 Qxc2 35. Rf2 Qe4 36. Rf4 Qd3 37. Rf3 Qe2 38. Bf6 Rc8 39. Qf4 Kh7 40.
Be5 0-1

[Event "IV Festival A"]
[Site "Cesenatico ITA"]
[Date "1999.08.??"]
[Round "4"]
[White "Malesevic, Vitomir"]
[Black "Gaiba, Paolo"]
[Result "1-0"]
[WhiteElo "2263"]
[BlackElo "2149"]
[PlyCount "75"]
[EventDate "1999.08.30"]

1. d4 d5 2. Nf3 c6 3. c3 e6 4. Bf4 Ne7 5. Nbd2 Ng6 6. Bg3 Nd7 7. Ne5 Ndxe5 8.
dxe5 Bc5 9. e3 a6 10. h4 Qc7 11. Nf3 h6 12. Bd3 Ne7 13. a4 Bd7 14. Nd4 Ba7 15.
Qg4 c5 16. Ne2 g6 17. h5 g5 18. Qf3 O-O-O 19. Qxf7 Nc6 20. Bb1 Rdf8 21. Qg6
Nxe5 22. Qc2 Bb8 23. O-O Be8 24. c4 Bxh5 25. cxd5 exd5 26. Rc1 c4 27. Nc3 Qf7
28. Qd2 Rd8 29. e4 dxe4 30. Qe3 Nd3 31. Bxd3 Bxg3 32. Bxc4 Bxf2+ 33. Qxf2 Qxf2+
34. Kxf2 Rd2+ 35. Kg3 Rxb2 36. Bf7 Bxf7 37. Nd1+ Kb8 38. Nxb2 1-0